Communion with God / (Record no. 4482)
[ view plain ]
| 000 -LEADER | |
|---|---|
| fixed length control field | 01112nam a2200289Ia 4500 |
| 001 - CONTROL NUMBER | |
| control field | 16119372 |
| 003 - CONTROL NUMBER IDENTIFIER | |
| control field | OCoLC |
| 005 - DATE AND TIME OF LATEST TRANSACTION | |
| control field | 20181206160952.0 |
| 008 - FIXED-LENGTH DATA ELEMENTS--GENERAL INFORMATION | |
| fixed length control field | 870701q19701972miu b 000 0 eng d |
| 040 ## - CATALOGING SOURCE | |
| Original cataloging agency | PGM |
| Transcribing agency | PGM |
| 082 ## - DEWEY DECIMAL CLASSIFICATION NUMBER | |
| Classification number | 262.73 |
| Item number | O97C |
| 090 ## - LOCALLY ASSIGNED LC-TYPE CALL NUMBER (OCLC); LOCAL CALL NUMBER (RLIN) | |
| Classification number (OCLC) (R) ; Classification number, CALL (RLIN) (NR) | BT972 |
| Local cutter number (OCLC) ; Book number/undivided call number, CALL (RLIN) | .O94 1970z |
| 092 ## - LOCALLY ASSIGNED DEWEY CALL NUMBER (OCLC) | |
| Classification number | 231 |
| Item number | Ow2c |
| 100 1# - MAIN ENTRY--PERSONAL NAME | |
| Personal name | Owen, John, |
| Dates associated with a name | 1616-1683. |
| 245 10 - TITLE STATEMENT | |
| Title | Communion with God / |
| Statement of responsibility, etc. | John Owen. |
| 260 ## - PUBLICATION, DISTRIBUTION, ETC. | |
| Place of publication, distribution, etc. | Grand Rapids, Mich. : |
| Name of publisher, distributor, etc. | Associated Publishers and Authors, |
| Date of publication, distribution, etc. | [197-?] |
| 300 ## - PHYSICAL DESCRIPTION | |
| Extent | ii, 364 p. ; |
| Dimensions | 23 cm. |
| 500 ## - GENERAL NOTE | |
| General note | Title on contents page: Of communion with God the Father, Son, and Holy Ghost. |
| 500 ## - GENERAL NOTE | |
| General note | Includes A vindication of some passages in a discourse concerning communion with God, from The exceptions of William Sherlock (p. [277]-364). |
| 500 ## - GENERAL NOTE | |
| General note | Contents described on p. ii do not appear in book. |
| 504 ## - BIBLIOGRAPHY, ETC. NOTE | |
| Bibliography, etc. note | Includes bibliographical references. |
| 650 #0 - SUBJECT ADDED ENTRY--TOPICAL TERM | |
| Topical term or geographic name entry element | Communion of saints. |
| 650 #0 - SUBJECT ADDED ENTRY--TOPICAL TERM | |
| Topical term or geographic name entry element | Holy Spirit. |
| 700 1# - ADDED ENTRY--PERSONAL NAME | |
| Personal name | Sherlock, William, |
| Dates associated with a name | 1641?-1707. |
| Title of a work | Exceptions of William Sherlock. |
| 740 01 - ADDED ENTRY--UNCONTROLLED RELATED/ANALYTICAL TITLE | |
| Uncontrolled related/analytical title | Of communion with God the Father, Son, and Holy Ghost. |
| 942 ## - ADDED ENTRY ELEMENTS (KOHA) | |
| Source of classification or shelving scheme | Dewey Decimal Classification |
| Koha item type | Books |
| Withdrawn status | Lost status | Source of classification or shelving scheme | Damaged status | Not for loan | Collection code | Home library | Current library | Shelving location | Date acquired | Cost, normal purchase price | Total Checkouts | Full call number | Barcode | Date last seen | Price effective from | Koha item type |
|---|---|---|---|---|---|---|---|---|---|---|---|---|---|---|---|---|
| Dewey Decimal Classification | Not For Loan | Non-fiction | Harvest Mission College | Harvest Mission College | General Stacks | 06.12.2018 | 190.00 | 262.73 O97C | 005172 | 06.12.2018 | 06.12.2018 | Books |
